| 000 | 00669aas a2200193 4500 | ||
|---|---|---|---|
| 999 |
_c57917 _d57917 |
||
| 001 | 768714001 | ||
| 003 | CO-MdFUSB | ||
| 005 | 20170901104932.0 | ||
| 008 | 170901s1999 uk ||||| |||| 00| 0 eng d | ||
| 022 | _a1361-7710 | ||
| 040 |
_aCO-MdFUSB _bspa _cCO-MdFUSB _dCO-MdFUSB |
||
| 041 | _aeng | ||
| 100 | 1 |
_aAlexander, Denis R. _eautor |
|
| 245 | 1 | 0 |
_aCan science explain everything? : _bscientific naturalism and the death of science |
| 300 |
_aVolumen 8. Número 2 (1999), páginas 1-4 _c: 30 cm. |
||
| 546 | _aTexto en inglés | ||
| 773 | 0 |
_tCambridge papers : towards a biblical mind _049493 _961320 _gVolumen 8. Número 2 (1999), páginas 1-4 _qPágina 1 |
|
| 942 | _cANA | ||